| 000 | 00498nam a2200181Ia 4500 | ||
|---|---|---|---|
| 003 | OSt | ||
| 005 | 20260114151338.0 | ||
| 008 | 210210b1946 xxu||||| |||| 00| 0 eng d | ||
| 040 | _cAL | ||
| 041 | _aKannada | ||
| 082 | _a859/971 | ||
| 100 |
_aNAGESHA RAV (K) _9145629 _dನಾಗೇಶ ರಾವ್ (ಕೆ) |
||
| 245 |
_aMuttina chippu: _bಮುತ್ತಿನ ಚಿಪ್ಪು |
||
| 260 |
_aBengaluru _b- _c1946 |
||
| 690 |
_aKannada Fiction _9145630 |
||
| 906 | _a021721 | ||
| 942 |
_2ddc _cBK |
||
| 999 |
_c145821 _d145821 |
||